000
00212 a2200097 4500
001
30624
100
_a
Smith
245
_a
Principles of Class Teaching
260
_a
_b
Macmillan and Co
_c
090
_c
20562
_d
20562
942
_a
NUST-CAE
_c
M
_c
11739
999
_c
265697
_d
265697